Typing Challenge: Luke 23:33-38 Quiz Stats

 Plays Quiz not verified by Sporcle

Challenge
Share
Tweet
Embed
Score 0/128 Timer 02:00
0 Plays Today
Words to Type... Here! % Correct
AndAnd
100%
whenwhen
99.1%
theythey
99.1%
werewere
98.7%
comecome
98.7%
toto
98.3%
thethe
98.3%
place,place,
97.8%
isis
96.5%
whichwhich
96.1%
calledcalled
96.1%
Calvary,Calvary,
96.1%
therethere
95.7%
theythey
95.7%
Him,Him,
95.7%
crucifiedcrucified
95.2%
andand
95.2%
thethe
95.2%
oneone
95.2%
onon
95.2%
thethe
95.2%
rightright
95.2%
hand,hand,
95.2%
andand
95.2%
thethe
95.2%
otherother
95.2%
onon
95.2%
thethe
95.2%
left.left.
95.2%
ThenThen
95.2%
saidsaid
95.2%
malefactors,malefactors,
94.8%
them;them;
94.8%
forfor
94.8%
theythey
94.8%
knowknow
94.8%
notnot
94.8%
whatwhat
94.8%
theythey
94.8%
do.do.
94.8%
AndAnd
94.8%
HisHis
94.8%
Jesus,Jesus,
94.3%
Words to Type... Here! % Correct
Father,Father,
94.3%
forgiveforgive
94.3%
theythey
94.3%
partedparted
94.3%
raiment,raiment,
94.3%
andand
94.3%
castcast
94.3%
lots.lots.
93.9%
AndAnd
93.9%
thethe
93.9%
peoplepeople
93.5%
stoodstood
93.5%
AndAnd
93%
thethe
93%
beholding.beholding.
92.6%
rulersrulers
92.6%
alsoalso
92.2%
withwith
92.2%
themthem
91.3%
deridedderided
91.3%
Him,Him,
91.3%
saying,saying,
90.9%
HeHe
90.9%
savedsaved
90.9%
letlet
90.9%
HimHim
90.9%
savesave
90.9%
others;others;
90.4%
ifif
90.4%
Himself,Himself,
90%
HeHe
90%
bebe
90%
Christ,Christ,
89.1%
thethe
88.7%
ofof
88.7%
chosenchosen
88.3%
God.God.
87.4%
AndAnd
87%
thethe
87%
alsoalso
86.5%
soldierssoldiers
86.1%
mockedmocked
86.1%
Him,Him,
85.7%
Words to Type... Here! % Correct
comingcoming
85.7%
toto
85.2%
Him,Him,
85.2%
andand
85.2%
offeringoffering
83.9%
HimHim
83%
vinegar,vinegar,
82.2%
AndAnd
81.3%
saying,saying,
80.4%
IfIf
80.4%
thouthou
80.4%
bebe
79.1%
thethe
78.7%
kingking
77%
ofof
77%
thethe
77%
Jews,Jews,
74.3%
savesave
74.3%
thyself.thyself.
72.6%
AndAnd
71.7%
aa
71.7%
alsoalso
69.1%
superscriptionsuperscription
68.7%
waswas
68.7%
writtenwritten
67.4%
overover
67%
HimHim
66.1%
inin
65.2%
lettersletters
61.7%
ofof
61.3%
Greek,Greek,
60.9%
andand
60.9%
Latin,Latin,
59.6%
andand
58.7%
Hebrew,Hebrew,
56.5%
ThisThis
56.5%
IsIs
56.1%
TheThe
54.8%
KingKing
53.9%
OfOf
53.9%
TheThe
53%
Jews.Jews.
52.2%

You're not logged in!

Compare scores with friends on all Sporcle quizzes.
Join for Free
OR
Log In

You Might Also Like...

Show Comments

Extras

Top Quizzes Today


Score Distribution

Your Account Isn't Verified!

In order to create a playlist on Sporcle, you need to verify the email address you used during registration. Go to your Sporcle Settings to finish the process.

Report this User

Report this user for behavior that violates our Community Guidelines.

Details: